000 00598nam a2200193Ia 4500
005 20260120131826.0
008 008 260114s9999 xx 000 0 eng d
020 _a9781383006421
037 _aEBOOK
040 _aCRL
_beng
_cCRL
041 _aeng
_2eng
084 _qCRL
100 _aRevermann
_9931653
245 0 _aComic Business: Theatricality, Dramatic Technique, and Performance Contexts of Aristophanic Comedy
260 _bOxford University PressOxford University Press
_c2023
856 _uhttps://academic.oup.com/book/46924
942 _cEBOOK
999 _c1523575
_d1523575